000 00504nam a22001695i 4500
001 171429
003 ES-MaACL
005 20230906214631.0
008 090514s1972 sp |||| | spa d
080 _a613.885
100 1 _aFariñas, E. M.
_9140138
245 1 0 _aBiografía de la homosexualidad /
_cHelmuth von Sohel [Seud.].
260 _a[Barcelona :
_bProducciones Editoriales,
_c1972.
300 _a246 p. ;
_c18 cm.
650 1 4 _aHomosexualidad.
_913469
852 _aES-MaACL
_jC-54462
_9R.83722
999 _c171429
_d171429